Statistics for Africa Cities Map Quiz

Click here to take the quiz!

General Stats

  • This quiz has been taken 46,421 times
    (40,062 since last reset)
  • The average score is 20 of 28

Answer Stats

Answer % Correct
Cairo
94%
Cape Town
90%
Johannesburg
88%
Tunis
85%
Algiers
85%
Tripoli
84%
Casablanca
83%
Djibouti
80%
Addis Ababa
79%
Mogadishu
77%
Luxor
75%
Nairobi
75%
Khartoum
72%
Lagos
72%
Antananarivo
71%
Dakar
70%
Kinshasa
68%
Timbuktu
62%
Dar es Salaam
62%
Monrovia
62%
Luanda
60%
Kampala
58%
N'Djamena
55%
Mombasa
52%
Abuja
52%
Lusaka
50%
Niamey
47%
Abidjan
45%

Score Distribution

Percentile by Number Answered

Percent of People with Each Score

Your Score History

You have not taken this quiz since the last reset